[Event "44th Badalona Open 2018"]
[Site "Badalona"]
[Date "2018.08.01"]
[Round "1"]
[White "Narciso Dublan, Marc"]
[Black "Anadkat Kartavya"]
[Result "1-0"]
[WhiteElo "2483"]
[BlackElo "2084"]
[Annotator "TA"]
[PlyCount "143"]
[EventDate "2018.08.01"]
[EventType "swiss"]
[EventCountry "ESP"]
[SourceTitle "playchess.com"]
[Source "ChessBase"]
[SourceQuality "1"]

{[%evp 18,143,19,12,25,20,67,58,52,52,61,24,95,57,56,0,4,6,78,81,88,63,70,72,80,72,94,85,102,89,102,102,100,95,102,98,120,119,116,117,121,50,31,45,73,21,26,25,25,0,0,0,0,0,72,74,258,78,76,76,76,79,77,79,97,104,146,146,146,145,154,154,153,118,118,130,116,100,100,0,770,689,1515,8591,2452,1957,12829,10166,1830,1732,1820,0,12837,12836,12841,12842,12842,12843,12843,12843,12844,0,0,0,0,0,12851,29975,12851,0,0,0,0,0,12851,29974,12851,29977,29976,29977,12851,29976,12851,29970,12851,29986,12851,29986]} 1. d4 Nf6 2. c4 e6 3. Nc3 Bb4 4. Qc2 d6 5. a3 Bxc3+ 6. Qxc3 Nbd7 7. Nf3 {E32: Nimzo-Indian: Classical (4 Qc2): 4...0-0} b6 8. g3 Bb7 9. Bg2 Qe7 10. O-O {LiveBook: 4 Games} Ne4 $146 ({Predecessor:} 10... h6 11. b4 a5 12. Bb2 axb4 13. axb4 O-O 14. b5 Rxa1 15. Rxa1 {1-0 (49) Georgiev,K (2645)-Dgebuadze,A (2535) Kusadasi 2006}) 11. Qc2 f5 12. Ng5 {[%cal Rg5e4]} Ndf6 13. Nh3 {And now f3 would win.} d5 14. Bf4 c6 (14... O-O $11) 15. Rad1 O-O 16. c5 (16. f3 $14 Nd6 17. Bxd6 Qxd6 18. e4) 16... bxc5 $11 17. f3 Nd6 (17... cxd4 $1 $11 18. fxe4 fxe4) 18. Qxc5 $16 Nc8 19. Rc1 Qxc5 20. Rxc5 Nd7 21. Rc2 a5 22. e4 Ncb6 23. Re1 Rfe8 24. exf5 exf5 25. Rce2 Rxe2 26. Rxe2 Nf6 27. Re7 Ba6 28. Be5 Nbd7 29. Re6 ({White should try} 29. Bf1 $16) 29... Bb5 $14 30. Bf1 Re8 31. Rxe8+ ({White should play} 31. Nf4 $16) 31... Nxe8 $11 32. Bxb5 cxb5 $16 {[%mdl 4096] Endgame KBN-KNN} 33. Nf4 Nb6 34. Kf2 Kf7 35. Ke2 Nc4 (35... g5 $11 36. Nd3 Nc4) 36. Nxd5 Nxb2 $2 (36... Nxe5 $16 {keeps fighting.} 37. dxe5 Ke6) 37. Nc3 $2 (37. Nb6 $1 $18 {is the precise move to win.}) 37... b4 38. axb4 axb4 39. Na2 b3 40. Nc1 Nc4 {Hoping for ...b2.} 41. Nxb3 Nxe5 42. dxe5 {KN-KN} Ke6 43. f4 Kd5 44. Kd3 Nc7 45. Nd4 g6 46. Ke3 Kc5 47. Nb3+ Kb4 48. Kd4 (48. Nd2 $16) 48... Kb5 $2 {[%mdl 8192]} (48... Kxb3 $11 49. Kc5 Ne8) 49. e6 $18 Nxe6+ 50. Ke5 Nc7 51. Nd4+ Kc4 52. Ne6 $1 {[%cal Re6c7]} Nd5 53. Nf8 $1 {[%cal Rf8h7]} Ne3 54. h3 $2 (54. h4 $1 $18 Nf1 55. Nxh7) 54... Nf1 $2 {[%mdl 8192]} (54... Kd3 $11) 55. Nxh7 Nxg3 56. Nf8 Kd3 57. Nxg6 Ke3 {[#]} 58. Kf6 $1 {[%cal Rf6g5]} Ke4 {[#]} 59. h4 $2 ({Only move:} 59. Kg5 $1 $18 {h4 is the strong threat.} Kd5 60. Ne5) 59... Kf3 $1 $11 60. Kg5 Ne4+ $1 61. Kxf5 $2 {[%mdl 8192]} (61. Kh6 $11) 61... Nd6+ $2 {[%mdl 8192]} (61... Ng3+ $11 62. Kf6 Kg4) 62. Ke5 (62. Ke6 $18 Ne8 63. f5) 62... Nf7+ 63. Kf6 Nh6 64. Kg5 Nf7+ 65. Kh5 Ke4 $2 {[%mdl 8192] [#]} (65... Nd6 $11) 66. Ne5 $1 $18 Nd8 (66... Nxe5 67. fxe5) 67. Kg4 Ne6 68. Ng6 Nd8 69. h5 Nf7 {[#]} 70. Ne5 $1 Nh8 (70... Nxe5+ 71. fxe5) 71. Kg5 (71. h6 $18 Kd5 72. Kf5) 71... Kd5 72. Kf6 {Precision: White = 56%, Black = 44%.} (72. h6 $18 Ke6 73. h7) 1-0

[Event "44th Badalona Open 2018"]
[Site "Badalona"]
[Date "2018.08.01"]
[Round "1"]
[White "Oliva Castaneda, Kevel"]
[Black "Jaeel Atharva"]
[Result "1-0"]
[WhiteElo "2479"]
[BlackElo "2081"]
[Annotator "TA"]
[PlyCount "47"]
[EventDate "2018.08.01"]
[EventType "swiss"]
[EventCountry "ESP"]
[SourceTitle "playchess.com"]
[Source "ChessBase"]
[SourceQuality "1"]

{[%evp 21,47,46,58,33,110,104,167,153,165,163,133,84,161,157,189,133,210,161,759,788,1084,898,29987,29988,29988,29989,29989,29989]} 1. d4 d5 2. Bf4 Nf6 3. e3 e6 4. Nd2 c5 5. c3 Nc6 6. Ngf3 Bd6 7. Bg3 O-O 8. Bd3 Re8 9. Ne5 Bxe5 10. dxe5 Nd7 {D02: 1 d4 d5 2 Nf3 sidelines, including 2...Nf6 3 g3 and 2...Nf6 3 Bf4} 11. Nf3 Nf8 {LiveBook: 6 Games} (11... Qc7 12. O-O g6 13. e4 dxe4 14. Bxe4 Ncxe5 15. Nxe5 Nxe5 16. f4 f5 17. fxe5 fxe4 18. Qg4 {½-½ (41) Gorovets,A (2496)-Li,C (2732) chess.com INT 2018}) 12. h4 {[%cal Bh2h4,Bh4h5][%mdl 32]} Ne7 $146 (12... Qc7 $14) ({Predecessor:} 12... f5 13. h5 a6 14. Bf4 b5 15. Rg1 d4 16. exd4 cxd4 17. g4 dxc3 18. bxc3 {0-1 (31) Danielsen,H (2529)-Skytte,R (2400) Borup 2010}) 13. h5 $16 h6 {[#]} (13... Bd7 $16) 14. Bf4 $1 $18 Qb6 {[#]} 15. Qe2 $1 Bd7 16. Rh3 a6 (16... Bc6 $16) 17. Qd2 Rad8 18. O-O-O (18. Bxh6 $18 gxh6 19. Rg3+ Kh8 20. e4) 18... Bb5 (18... Ba4 $16) 19. Bc2 {Bxh6! is the strong threat.} Nc6 $2 {[#]} (19... Nh7) 20. Bxh6 $1 {[%mdl 512]} gxh6 21. Rg3+ Kh8 22. e4 {[%cal Be3e4,Be4d5][%mdl 32] White mates.} Nh7 23. Qxh6 {[%csl Gg3][%cal Rh6g7]} Rg8 24. exd5 {Precision: White = 80%, Black = 14%.} 1-0

[Event "44th Badalona Open 2018"]
[Site "Badalona"]
[Date "2018.08.01"]
[Round "1"]
[White "Pulvett Marin, Daniel Eduardo"]
[Black "Gutierrez Anso, Jose"]
[Result "1-0"]
[WhiteElo "2465"]
[BlackElo "2059"]
[Annotator "TA"]
[PlyCount "71"]
[EventDate "2018.08.01"]
[EventType "swiss"]
[EventCountry "ESP"]
[SourceTitle "playchess.com"]
[Source "ChessBase"]
[SourceQuality "1"]

{[%evp 12,71,54,57,59,56,81,82,104,111,104,98,103,103,87,51,72,39,23,9,73,10,5,6,17,-29,12,-29,35,-45,20,16,58,57,59,54,48,43,71,83,80,80,88,89,96,62,351,342,348,342,568,463,462,449,438,427,1586,1527,1587,1158,1108,1144]} 1. d4 Nf6 2. c4 c5 3. d5 e5 4. Nc3 d6 5. e4 Be7 6. g3 Na6 7. Bg2 {LiveBook: 30 Games. A56: Czech Benoni} Bd7 (7... Nc7 8. Nge2 h5 9. h3 h4 10. g4 Nd7 11. Be3 a6 12. a4 b6 13. Qd2 Rb8 14. b3 b5 {0-1 (52) Moiseenko,A (2667)-McShane,L (2640) Riadh 2017}) 8. Nge2 Rb8 $146 ({Predecessor:} 8... O-O 9. O-O Bg4 10. a3 h6 11. Bd2 {½-½ (49) Baptista,G-Da Paixao,I Brazil CXEB 2002}) 9. O-O {White is better.} Nc7 10. f4 Bg4 11. h3 Bxe2 12. Qxe2 Nd7 13. a4 Bf6 14. Nb5 Nxb5 $1 15. axb5 Ra8 (15... exf4 $11 {remains equal.} 16. Bxf4 (16. gxf4 Bd4+ 17. Be3 Qb6 $14) 16... Bd4+ 17. Kh2 Ne5) 16. Ra3 (16. f5 $16) 16... a6 $11 17. bxa6 Rxa6 18. Rb3 b6 19. Kh1 {[%cal Bg1h1,Bh1h2,Bh2h3][%mdl 32]} Ra1 ({Black should play} 19... exf4 $11 20. gxf4 O-O) 20. Qh5 (20. f5 $14) 20... O-O (20... exf4 $15 21. Bxf4 Rxf1+ 22. Bxf1 Ne5) 21. f5 $1 Qe7 22. h4 Rfa8 23. Kh2 R8a4 24. Rc3 R4a2 25. Kh3 Ra5 26. g4 {Strongly threatening g5.} g6 27. Qh6 Qd8 28. Rcf3 g5 $2 {[%mdl 8192] [#]} (28... R5a4 $14) 29. hxg5 $18 {[%cal Bh4g5,Bg5g6][%mdl 32]} Bg7 30. Qh5 ({Weaker is} 30. Qxd6 Rxc1 31. Rxc1 Bf8 $16) 30... b5 $2 (30... Nf8 31. Kg3 Ra7) 31. g6 {White is clearly winning.} Nf6 32. gxf7+ Kf8 33. Qh4 h6 (33... Rxc1 $142 34. Rxc1 h6) 34. Bxh6 Rxf1 35. Rxf1 Kxf7 36. g5 {Precision: White = 67%, Black = 40%.} 1-0

[Event "44th Badalona Open 2018"]
[Site "Badalona"]
[Date "2018.08.01"]
[Round "1"]
[White "Fluvia Poyatos, Jordi"]
[Black "Guix Torres, David"]
[Result "1-0"]
[WhiteElo "2442"]
[BlackElo "2055"]
[Annotator "TA"]
[PlyCount "58"]
[EventDate "2018.08.01"]
[EventType "swiss"]
[EventCountry "ESP"]
[SourceTitle "playchess.com"]
[Source "ChessBase"]
[SourceQuality "1"]

{[%evp 19,58,64,53,42,41,41,62,67,65,38,41,36,30,-9,21,0,0,0,0,0,0,-2,0,0,2,-11,2,10,89,85,91,101,99,94,98,95,145,133,324,131,809]} 1. e4 c5 2. Nc3 Nc6 3. Bb5 Nd4 4. Nf3 g6 5. Nxd4 cxd4 6. Ne2 Bg7 7. O-O e6 {B31: Sizilianisch (Rossolimo-Variante)} (7... a6 8. Bc4 e6 9. c3 dxc3 10. dxc3 Ne7 11. Qd6 b5 12. Bb3 Bb7 13. f3 Nc8 14. Qd3 Nb6 15. Be3 d5 {1-0 (51) Amonatov,F (2636)-Rakhmanov,A (2653) Riadh 2017}) 8. c3 a6 9. Ba4 b5 10. Bc2 dxc3 {LiveBook: 4 Partien} 11. bxc3 Ne7 12. d4 $146 ({Vorgänger:} 12. Ba3 O-O 13. f4 d6 14. Ng3 {1-0 (35) Kuling,L (2192)-Kuipers,S (2319) Venlo 2008}) 12... d6 13. a4 Bd7 14. Qd3 O-O 15. Ba3 bxa4 16. Bb4 Bc6 17. Bxa4 a5 18. Bxc6 Nxc6 19. Ba3 Re8 20. Rfb1 Qd7 21. Rb5 Reb8 22. Rab1 Bf8 23. c4 {[%cal Bc3c4,Bc4b5][%mdl 32]} Rxb5 (23... a4 $11) 24. cxb5 $16 Nd8 25. d5 Nb7 26. dxe6 Qxe6 27. Nc3 Rc8 28. Nd5 f5 $2 {[#]} (28... Bg7 $16 29. b6 h5) 29. Bb2 (29. exf5 $18 Qxf5 30. Qb3) 29... Bg7 $2 {[%mdl 8192] Precision: Weiß = 51%, Schwarz = 37%.} (29... fxe4 $16 30. Qd4 Qe5) 1-0

[Event "44th Badalona Open 2018"]
[Site "Badalona"]
[Date "2018.08.01"]
[Round "1"]
[White "Rothebarth, Ana Vitoria de Paul"]
[Black "Gallego Alcaraz, Andres Felipe"]
[Result "0-1"]
[WhiteElo "2094"]
[BlackElo "2500"]
[Annotator "TA"]
[PlyCount "78"]
[EventDate "2018.08.01"]
[EventType "swiss"]
[EventCountry "ESP"]
[SourceTitle "playchess.com"]
[Source "ChessBase"]
[SourceQuality "1"]

{[%evp 27,78,26,42,34,32,26,36,31,29,-8,0,-8,0,0,0,-1,-1,-6,0,-8,-4,-18,0,0,0,-4,0,0,0,0,0,0,0,0,0,0,13,-150,-145,-166,-154,-339,-362,-348,-356,-339,-331,-295,-312,-356,-308,-437,205]} 1. e4 c5 2. Nf3 d6 3. Bb5+ Nc6 4. O-O Bd7 5. Re1 Nf6 6. c3 a6 7. Bf1 Bg4 8. h3 Bxf3 9. Qxf3 g6 10. d3 Bg7 11. Be3 Nd7 {B51: Sicilian: Moscow Variation (3 Bb5+) without 3...Bd7} 12. Nd2 O-O 13. Qd1 e5 14. Nf3 Re8 {LiveBook: 3 Games} 15. a3 b5 16. b4 $146 ({Predecessor:} 16. g3 Nf8 17. h4 {½-½ (55) Sevian,S (2429)-Nyzhnyk,I (2629) Dallas 2014}) 16... Rc8 17. Qb3 Nb6 18. bxc5 dxc5 19. Ng5 Rc7 20. Qa2 Qe7 21. Be2 Rd8 22. h4 Bf6 23. g3 Na4 24. Rac1 Kg7 25. Kg2 Rcd7 26. Qc2 Rb7 27. Nf3 h5 28. Rb1 Rc7 {next ...Nd4! is good for Black.} 29. Rbc1 Rdd7 30. Qa2 Qd8 31. Red1 Rc8 32. Rc2 $2 {[#]} (32. Rd2 $11) 32... c4 $1 $17 {[%cal Rc4d3]} 33. Ne1 Na5 34. Bc1 $2 (34. Rdd2 $17) 34... Nc5 $19 35. d4 exd4 36. cxd4 Nxe4 ({Resist} 36... Rxd4 37. Rcd2 $19) 37. Nf3 Nb3 {[%cal Rf6d4]} ({Don't play} 37... Bxd4 38. Nxd4 Rxd4 39. Rxd4 $19) 38. Be3 Qa5 39. d5 (39. Qb2 $142) 39... Rxd5 $4 {[%mdl 40960] Precision: White = 52%, Black = 54%. . Loss on Time!?} (39... Nc3 $19 {avoids the disaster.} 40. Rxc3 Qxc3) 0-1

[Event "44th Badalona Open 2018"]
[Site "Badalona"]
[Date "2018.08.01"]
[Round "1"]
[White "Salagran Ferragut, Guillem"]
[Black "Aguero Jimenez, Luis Lazaro"]
[Result "0-1"]
[WhiteElo "2081"]
[BlackElo "2482"]
[Annotator "ChessBase"]
[PlyCount "56"]
[EventDate "2018.08.01"]
[EventType "swiss"]
[EventCountry "ESP"]
[SourceTitle "playchess.com"]
[Source "ChessBase"]
[SourceQuality "1"]
[TimeControl "5400+30"]

1. e4 e5 {[%emt 0:00:00]} 2. Nf3 {[%emt 0:30:25]} Nc6 {[%emt 0:00:00]} 3. Bb5 {[%emt 0:00:08]} a6 {[%emt 0:00:00]} 4. Ba4 {[%emt 0:00:05]} Nf6 {[%emt 0:00:00]} 5. d3 d6 6. c3 {[%emt 0:00:22]} Be7 {[%emt 0:00:32]} 7. O-O O-O {[%emt 0:00:00]} 8. Re1 {[%emt 0:00:21]} b5 {[%emt 0:00:23]} 9. Bb3 {[%emt 0:00:00]} Na5 {[%emt 0:00:05]} 10. Bc2 c5 11. Nbd2 {[%emt 0:00:30]} Nc6 {[%emt 0:00:36]} 12. Nf1 {[%emt 0:00:09]} h6 13. h3 {[%emt 0:03:05]} Re8 {[%emt 0:05:49]} 14. Ng3 {[%emt 0:02:27]} Bf8 {[%emt 0:08:02]} 15. Nh2 {[%emt 0:01:12]} d5 {[%emt 0:00:19]} 16. exd5 {[%emt 0:42:50]} Nxd5 {[%emt 0:18:04]} 17. Qf3 {[%emt 0:03:18]} Be6 {[%emt 0:00:12]} 18. Ng4 {[%emt 0:01:34]} Qc7 {[%emt 0:38:28]} 19. Bb3 Nf4 {[%emt 0:00:06]} 20. Bxe6 {[%emt 0:02:19]} Rxe6 21. Bxf4 exf4 {[%emt 0:00:34]} 22. Rxe6 {[%emt 0:00:18]} fxe6 {[%emt 0:04:02]} 23. Nh5 {[%emt 0:00:01]} e5 {[%emt 0:01:57]} 24. Qe4 {[%emt 0:02:03]} Qd6 {[%emt 0:01:33]} 25. Re1 {[%emt 0:08:44]} Ra7 {[%emt 0:00:21]} 26. Nxe5 {[%emt 0:02:21]} Nxe5 {[%emt 0:00:41]} 27. d4 {[%emt 0:00:25]} cxd4 28. cxd4 Ng6 {[%emt 0:00:51]} 0-1

[Event "44th Badalona Open 2018"]
[Site "Badalona"]
[Date "2018.08.01"]
[Round "1"]
[White "Verhasselt, Karsten"]
[Black "Munoz, Miguel"]
[Result "0-1"]
[WhiteElo "2081"]
[BlackElo "2476"]
[Annotator "TA"]
[PlyCount "30"]
[EventDate "2018.08.01"]
[EventType "swiss"]
[EventCountry "ESP"]
[SourceTitle "playchess.com"]
[Source "ChessBase"]
[SourceQuality "1"]

{[%evp 15,30,-12,0,0,0,-26,-44,-81,-72,-435,-438,-427,-411,-436,-435,-506,-509]} 1. e4 d5 2. exd5 Qxd5 3. Nc3 Qa5 4. Bc4 Nf6 5. d4 Bg4 6. Nf3 Nc6 7. Bb5 {B01: Scandinavian Defence} O-O-O (7... Nd5 8. Qd3 Ndb4 9. Qe4 Bxf3 10. Bxc6+ bxc6 11. gxf3 e6 12. Bd2 Qa6 13. Ne2 Nd5 14. b3 Nf6 {1-0 (43) Nakamura,H (2701)-Bauer,C (2605) Le Port Marly 2009}) 8. Bxc6 bxc6 {LiveBook: 3 Games} 9. h3 {The position is equal.} Qh5 10. Be3 e5 {[%cal Be7e5,Be5d4][%mdl 32]} 11. Qe2 {[#] Black must now prevent Qa6+.} Bxf3 $1 12. gxf3 $4 {[%mdl 8192]} (12. Qa6+ $17 {was the crucial defense.} Kd7 13. dxe5 Bxg2 14. Rg1) 12... exd4 $19 13. O-O-O Bc5 14. Qa6+ Kb8 15. Nb5 $146 ({Predecessor:} 15. b4) 15... cxb5 0-1

[Event "44th Badalona Open 2018"]
[Site "Badalona"]
[Date "2018.08.01"]
[Round "1"]
[White "Alvarez Albiol, Victor"]
[Black "Diaz Camallonga, Carles"]
[Result "0-1"]
[WhiteElo "2057"]
[BlackElo "2445"]
[Annotator "TA"]
[PlyCount "108"]
[EventDate "2018.08.01"]
[EventType "swiss"]
[EventCountry "ESP"]
[SourceTitle "playchess.com"]
[Source "ChessBase"]
[SourceQuality "1"]

{[%evp 22,108,20,15,18,0,12,9,24,18,13,25,29,23,20,0,10,-18,7,3,12,-18,2,-56,-37,-44,-49,-57,-50,-72,-46,-29,-30,-91,-97,-139,-148,-333,-149,-135,-84,-84,-89,-89,-83,-88,-78,-78,-68,-68,-66,-69,-40,-43,0,-61,-44,-67,-67,-77,-67,-167,-53,-106,-102,-171,-170,-171,-164,-306,-310,-310,-310,-302,-300,-300,-293,-286,-260,-260,-260,-517,-520,-514,-490,-508,-497,-473,-462]} 1. e4 e6 2. d4 d5 3. Nd2 c5 4. exd5 Qxd5 5. Ngf3 cxd4 6. Bc4 Qd6 7. O-O Nf6 8. Nb3 Nc6 9. Nbxd4 Nxd4 10. Nxd4 Be7 11. Re1 {C07: French Tarrasch: 3...c5, 4 Ngf3 and 4 exd5 Qxd5} (11. c3 Qc7 12. Bb3 O-O 13. Qf3 Bd7 14. Re1 Rfe8 15. h3 Rad8 16. Bf4 Qb6 17. Re2 Nd5 18. Bxd5 exd5 19. Rae1 Bc5 20. Rxe8+ Rxe8 21. Rxe8+ Bxe8 22. Qxd5 Bxd4 23. Qxd4 Qxd4 24. cxd4 {½-½ (30) Karjakin,S (2760)-Nakamura,H (2776) Zuerich 2015}) 11... O-O 12. c3 {LiveBook: 9 Games} Qc7 13. Bf1 {The position is equal.} Bd7 14. Qf3 Bd6 $146 ({Predecessor:} 14... Qb6 15. a4 a5 16. Bg5 Rfd8 17. Bb5 Nd5 18. Bxe7 Nxe7 19. Rad1 Bc6 20. Qh5 Ng6 21. Bxc6 bxc6 {½-½ (93) Arda,C (2199)-Shvayger,Y (2404) Stary Smokovec 2018}) 15. g3 e5 16. Nb5 Bxb5 17. Bxb5 e4 18. Qd1 Bc5 19. Bf1 Qb6 $36 {[%mdl 2048] Black has some pressure.} 20. Qe2 a5 21. Bg2 Rfe8 22. Be3 (22. Bg5 $11) 22... Bxe3 $15 23. Qxe3 Qxb2 24. Reb1 Qc2 25. Rxb7 Nd5 26. Qc5 Nxc3 {White must now prevent ...Ne2+.} 27. Qc7 {[#]} (27. Rc7 $1 $11 Ne2+ 28. Kh1 Qxc5 29. Rxc5) 27... Rf8 $1 $17 28. Bf1 Qd2 29. Bc4 $2 (29. Qc5 $17) 29... e3 (29... Rac8 $19 {and Black stays clearly on top.} 30. Bxf7+ Kh8) 30. Qf4 {[%cal Rc4f7]} exf2+ (30... Nd1 $142 31. fxe3 (31. Rxf7 $2 Rxf7 32. Qxf7+ Kh8 $19) 31... Nxe3) 31. Qxf2 Qxf2+ 32. Kxf2 Rac8 33. Bb5 Rfd8 34. Bd7 Rc4 35. Ra7 Rd4 36. Rc1 Nxa2 37. Rcc7 Rd2+ 38. Kf3 ({Better is} 38. Kg1 $1 $11) 38... Rd6 39. Rxa5 Nb4 40. Raa7 Nd3 41. Ba4 {[#]} ({White should play} 41. Rc8 $15 R6xd7 42. Rxd7 Rxc8 43. Rxd3) 41... Rf6+ (41... Ne5+ $1 $19 42. Ke3 Rd3+ 43. Kf2 Rd2+ 44. Kf1 Rxh2) 42. Ke3 (42. Ke2 $15 Re6+ 43. Kf1) 42... Re6+ 43. Kd2 (43. Kf3 $17) 43... Nc5+ $19 44. Kc3 Re3+ 45. Kc4 (45. Kb2 $142 Nxa4+ 46. Rxa4) 45... Nxa4 46. Rxa4 {[%mdl 4096] Endgame KRR-KRR} Re4+ 47. Kb3 Rb8+ 48. Ka3 Re3+ 49. Ka2 Re2+ 50. Ka3 Rxh2 51. Rf4 $2 (51. Rb4 Ra8+ 52. Kb3) 51... Rh3 {Black is clearly winning.} 52. Rf3 f6 53. Rd3 h5 54. Rc4 Rb5 {Precision: White = 23%, Black = 48%.} 0-1

[Event "44th Badalona Open 2018"]
[Site "Badalona"]
[Date "2018.08.01"]
[Round "1"]
[White "Kruijf, Caspar"]
[Black "Banon Muntal, Benici"]
[Result "1-0"]
[WhiteElo "1918"]
[BlackElo "1655"]
[Annotator "NA"]
[PlyCount "48"]
[EventDate "2018.08.01"]
[EventType "swiss"]
[EventCountry "ESP"]
[SourceTitle "playchess.com"]
[Source "ChessBase"]
[SourceQuality "1"]
[TimeControl "5400+30"]

1. e4 {[%emt 0:00:00]} e6 {[%emt 0:01:18]} 2. d4 {[%emt 0:00:00]} b6 {[%emt 0:00:00]} 3. Nf3 {[%emt 0:00:15]} Bb7 {[%emt 0:00:13]} 4. Bd3 {[%emt 0:00:19]} c5 {[%emt 0:00:45]} 5. c3 {[%emt 0:01:00]} cxd4 {[%emt 0:00:27]} 6. cxd4 {[%emt 0:00:36]} Nf6 {[%emt 0:00:39]} 7. Nc3 {[%emt 0:03:40]} Bb4 {[%emt 0:07:08]} 8. Qc2 {[%emt 0:00:30]} Bxc3+ {[%emt 0:01:53]} 9. bxc3 {[%emt 0:00:17]} d5 {[%emt 0:05:24]} 10. e5 {[%emt 0:05:21]} Ne4 {[%emt 0:06:59]} 11. Ba3 {[%emt 0:09:50]} Nd7 {[%emt 0:02:40]} 12. O-O {[%emt 0:02:57]} Rc8 {[%emt 0:00:07]} 13. Bxe4 {[%emt 0:00:30]} dxe4 {[%emt 0:20:30]} 14. Nd2 {[%emt 0:05:40]} f5 {[%emt 0:21:07]} 15. Qb3 {[%emt 0:01:26]} Kf7 {[%emt 0:00:30]} 16. Nc4 {[%emt 0:00:16]} Rxc4 {[%emt 0:01:17]} 17. Qxc4 {[%emt 0:11:41]} Bd5 {[%emt 0:03:22]} 18. Qe2 {[%emt 0:04:09]} Qc8 {[%emt 0:00:36]} 19. Qh5+ {[%emt 0:01:28]} g6 {[%emt 0:03:13]} 20. Qh4 {[%emt 0:04:13]} Qd8 {[%emt 0:00:30]} 21. Qxd8 {[%emt 0:00:30]} Rxd8 {[%emt 0:01:14]} 22. Rfc1 {[%emt 0:06:11]} b5 {[%emt 0:02:34]} 23. Bd6 {[%emt 0:00:55]} a6 {[%emt 0:00:30]} 24. a4 Nb6 1-0

[Event "44th Badalona Open 2018"]
[Site "Badalona"]
[Date "2018.08.01"]
[Round "1"]
[White "Lobo Pereira, Arami"]
[Black "Brandt, Stefan"]
[Result "1-0"]
[WhiteElo "1658"]
[BlackElo "1940"]
[Annotator "NA RC"]
[PlyCount "76"]
[EventDate "2018.08.01"]
[EventType "swiss"]
[EventCountry "ESP"]
[SourceTitle "playchess.com"]
[Source "ChessBase"]
[SourceQuality "1"]
[TimeControl "5400+30"]

1. d4 {[%emt 0:00:00]} Nf6 {[%emt 0:00:00]} 2. c4 {[%emt 0:01:07]} e5 {[%emt 0:00:00]} 3. e3 {[%emt 0:11:42]} Nc6 {[%emt 0:07:46]} 4. Nc3 {[%emt 0:02:39]} Bb4 {[%emt 0:09:10]} 5. Nf3 {[%emt 0:05:27]} Qe7 {[%emt 0:02:04]} 6. Be2 {[%emt 0:01:38]} d6 {[%emt 0:04:18]} 7. O-O {[%emt 0:05:50]} e4 {[%emt 0:00:14]} 8. Nd2 {[%emt 0:00:19]} Bxc3 {[%emt 0:00:47]} 9. bxc3 {[%emt 0:00:41]} O-O {[%emt 0:01:38]} 10. Qc2 {[%emt 0:00:30] A28: English Opening: Four Knights Variation} Re8 {[%emt 0:00:30]} 11. Nb3 {[%emt 0:12:32]} Bf5 {[%emt 0:14:49]} 12. c5 $146 {[%emt 0:03:34]} ({Predecessor:} 12. Bd2 Qd7 13. Rab1 Rab8 14. c5 d5 15. c4 dxc4 16. Bxc4 Bh3 {1-0 (57) Hilverda,A (2404)-Wittke,R (2149) Werther 2015}) 12... d5 {[%emt 0:04:26]} 13. Bb5 {[%emt 0:01:10]} Bd7 {[%emt 0:03:33]} 14. Bxc6 {[%emt 0:03:03]} Bxc6 {[%emt 0:05:14]} 15. a4 {[%emt 0:03:09]} Bd7 {[%emt 0:02:00]} 16. Nd2 {[%emt 0:00:30]} Rad8 {[%emt 0:00:30]} 17. Ba3 {[%emt 0:02:44]} c6 {[%emt 0:03:24]} 18. Rfb1 {[%emt 0:02:38]} Bc8 {[%emt 0:00:30]} 19. Nf1 {[%emt 0:03:54]} Qe6 {[%emt 0:01:23]} 20. Ng3 {[%emt 0:01:52]} h6 {[%emt 0:02:39]} 21. Qe2 {[%emt 0:02:04]} g6 {[%emt 0:01:39]} 22. Rb4 {[%emt 0:06:15]} h5 {[%emt 0:02:24]} 23. h3 {[%emt 0:02:01]} Nh7 {[%emt 0:01:47]} 24. Re1 {[%emt 0:02:56]} Re7 {[%emt 0:03:29]} 25. c4 {[%emt 0:01:27]} Nf6 {[%emt 0:01:51]} 26. Rc1 {[%emt 0:02:45]} Kg7 {[%emt 0:04:26]} 27. Rb2 {[%emt 0:01:44]} dxc4 {[%emt 0:02:18]} 28. Qxc4 {[%emt 0:01:19]} Rd5 {[%emt 0:00:14]} 29. Ne2 {[%emt 0:03:04]} g5 {[%emt 0:00:51]} 30. Ng3 {[%emt 0:00:29]} h4 {[%emt 0:01:28]} 31. Nh1 {[%emt 0:00:48]} Nh7 {[%emt 0:01:47]} 32. Qe2 {[%emt 0:00:42]} Qg6 {[%emt 0:00:50]} 33. f3 {[%emt 0:00:54]} exf3 {[%emt 0:01:24]} 34. Qxf3 {[%emt 0:00:26]} f5 {[%emt 0:04:50]} 35. Nf2 {[%emt 0:02:23]} Nf6 {[%emt 0:02:32]} 36. Nd3 {[%emt 0:02:27]} g4 $17 {[%emt 0:04:46]} 37. hxg4 {[%emt 0:00:37]} fxg4 {[%emt 0:00:17]} 38. Qf2 {[%emt 0:00:17]} Qxd3 {[%emt 0:00:17]} 1-0